Rugby - Joueurs les plus capés des nations majeures - Statistiques

Statistiques générales
  • Ce quiz a été pris 23 fois
  • Le résultat moyen est 18 sur 50
Statistiques - réponses
Capes Joueur % Correct
118 (1995-2007) Fabien Pelous
75%
98* (1996-2007/2013-) Raphaël Ibanez / Gaël Fickou
75%
148 (2001-2015) Richie McCaw
75%
93 (1980-1991) Serge Blanco
70%
142 (2002-2019) Sergio Parisse
70%
158 (2006-2023) Alun Wyn Jones
65%
137* (2012-) Beauden Barrett
65%
139* (2012-) Eben Etzebeth
60%
111 (2000-2011) John Smit
60%
153 (2010-2023) Sam Whitelock
60%
93* (2014-) Finn Russell
55%
128 (2000-2013) Ronan O'Gara
55%
133 (1999-2014) Brian O'Driscoll
50%
124 (2004-2016) Bryan Habana
50%
125 (2012-2023 Micheal Hooper
50%
112 (2012-2023) Owen Farrell
50%
104* (1998-2011/2011-) Stephen Jones / Taulupe Faletau
45%
121 (2005-2019) Adam Ashley-Cooper
40%
112 (2008-2023) Dan Biggar
40%
121 (2010-2024) George North
40%
117* (2014-) Julian Montoya
40%
118 (2010-2024) Dan Cole
35%
108* (2014-/2015-) George Ford/Jamie George
35%
127 (2008-2019) Kieran Read
35%
104 (2010-2023) Nicolas Sanchez
35%
111 (1982-1995) Philippe Sella
35%
127 (2010-2023) Ben Youngs
30%
125 (2011-2025) Conor Murray
30%
100 (2012-2023) Stuart Hogg
30%
137 (2009-2025) Cian Healy
25%
139 (1994-2007) George Gregan
25%
90 (1997-2007) Olivier Magne
25%
124 (2006-2019) Rory Best
25%
110 (2004-2017) Ross Ford
25%
107 (2006-2019) Leonardo Ghiraldini
20%
119 (2002-2016) Martin Castrogiovanni / Alessandro Zanni
20%
106 (1998-2015) Mauro Bergamasco
20%
121* (2013-) Pablo Matera
20%
127 (2001-2015) Victor Matfield
20%
114 (1990-2004) Jason Leonard
15%
132 (2002-2015) Keven Mealamu
15%
110 (2005-2024) Agustin Creevy
10%
129 (2002-2016) Gethin Jenkins
10%
117 (2008-2019) Tendai Mtawarira
10%
109 (1999-2011) Chris Paterson
5%
141* (2010-) James Slipper
5%
112 (2001-2015) Marco Bortolami
0%
99* (2014-) Matias Alemanno
0%
105 (2004-2016) Sean Lamont
0%
129 (2005-2017) Stephen Moore
0%
Aucun quiz correspondant
Distribution des résultats
% des personnes avec chaque résultat
Percentile par nombre de réponses
Votre historique - résultats
Vous n’avez pas pris ce quiz